Score 0/12 Timer 02:00
0 Plays Today
% Correct
Infinity
92.1%
Ampersand
91.9%
Ellipsis
83.4%
Tilde
81.7%
Ampersat
81.1%
Caret
79.6%
Interrobang
77.4%
Umlaut
74%
Pilcrow
69.1%
Micro
63.6%
Octothorpe
61.1%
Obelus
57.9%
Remove Ads.
Support Sporcle.
Get the best of Sporcle when you Go Orange. This ad-free experience offers more features, more stats, and more fun while also helping to support Sporcle. Thank you for becoming a member.

You're not logged in!

Compare scores with friends on all Sporcle quizzes.
OR
Log In

Show Comments

Extras

Created Dec 1, 2020SourceReportNominateIcon Source: YouTube
Tags:Clickable Quiz, English, Symbol

Top Quizzes Today


Score Distribution

Your Account Isn't Verified!

In order to create a playlist on Sporcle, you need to verify the email address you used during registration. Go to your Sporcle Settings to finish the process.

Report this User

Report this user for behavior that violates our Community Guidelines.

Details: